| 000 | 00995nam a2200241 i 4500 | ||
|---|---|---|---|
| 001 | 162535 | ||
| 003 | ES-MaACL | ||
| 005 | 20250825092430.0 | ||
| 008 | 010305s1861 xxk |||| | lat d | ||
| 245 | 0 | 0 |
_aPrefaces to the first editions of the Greek and Roman classics and of the Sacred Scriptures / _ccollected and edited by Berah Botfield. |
| 260 |
_aLondon : _bHenry George Bohn, _c1861 ( _eCantabrigiae : _fPreli Academici typis excudebat) |
||
| 300 |
_aLXXVI, 674 p. ; _c29 cm. |
||
| 594 | _aTít. en antep.: "Praefationes et epistolae editionibus principibus auctorum veterum praepositae curante Beriah Botfield ... " | ||
| 594 | _aTexto en latín e inglés. | ||
| 597 | _aSignaturizado. | ||
| 597 | _aAntep. | ||
| 650 | 7 |
_aLibros sagrados _2embne _9136418 |
|
| 650 | 4 |
_aLiteratura clásica- _vBibliografías. _9157581 |
|
| 650 | 4 |
_aPrólogos y epílogos. _9151467 |
|
| 700 | 1 |
_aBotfield, Beriah. _9126093 |
|
| 852 |
_aES-MaACL _jG-5793 _z-- Enc. hol. |
||
| 999 |
_c162535 _d162535 |
||